| 000 | 00598nam a2200205 a 4500 | ||
|---|---|---|---|
| 005 | 20221018064610.0 | ||
| 008 | 030407s1998 mx r 000 0 spa d | ||
| 020 | _a9684096321 | ||
| 035 | _aUPN01000123627 | ||
| 049 | _aCG | ||
| 050 | 4 |
_aHE8699 M6 _bG3.8 1998 |
|
| 100 | 1 | _aGarza, Ramiro, 1930- | |
| 245 | 1 | 3 |
_aLa radio : _bpresente y futuro / _cRamiro Garza. |
| 250 | _a2a ed. | ||
| 260 |
_aMéxico : _bEDAMEX, _cc1998. |
||
| 300 | _a242 p. | ||
| 500 | _aTítulo de la obra : la radio actual qué es y cómo se realiza, vol.1 | ||
| 650 | 7 |
_aRadiodifusión _zMéxico _2 _95449 |
|
| 905 | _aLibro | ||
| 999 |
_c95806 _d95806 |
||